Cyclisme : Champion de France sur route - Statistiques

Statistiques générales
  • Ce quiz a été pris 93 fois
  • Le résultat moyen est 12 sur 26
Statistiques - réponses
Hint Réponse % Correct
2020 Arnaud Démare
93%
2017 Arnaud Démare
93%
2014 Arnaud Démare
93%
2025 Dorian Godon
85%
2010 Thomas Voeckler
71%
2004 Thomas Voeckler
71%
2012 Nacer Bouhanni
69%
2024 Paul Lapeira
64%
2019 Warren Barguil
62%
2023 Valentin Madouas
58%
2021 Rémi Cavagna
47%
2011 Sylvain Chavanel
47%
2022 Florian Sénéchal
40%
2016 Arthur Vichot
36%
2013 Arthur Vichot
36%
2018 Anthony Roux
33%
2005 Pierrick Fedrigo
33%
2007 Christophe Moreau
29%
2009 Dimitri Champion
27%
2015 Steven Tronet
27%
2003 Didier Rous
25%
2001 Didier Rous
25%
2008 Nicolas Vogondy
13%
2002 Nicolas Vogondy
13%
2006 Florent Brard
9%
2000 Christophe Capelle
7%
Aucun quiz correspondant
Distribution des résultats
% des personnes avec chaque résultat
Percentile par nombre de réponses
Votre historique - résultats
Vous n’avez pas pris ce quiz